La verguenza/ (Registro nro. 12301)

Detalles MARC
000 -LIDER
fixed length control field 00700nam a22002297a 4500
003 - IDENTIFICACDOR DE NÚMERO DE CONTROL
control field DO-SdBNP
005 - DATE AND TIME OF LATEST TRANSACTION
control field 20180216111912.0
008 - ELEMENTOS DE LONGITUD FIJA
fixed length control field 161206b 2005 mx a 00| 0 spa d
020 ## - ISBN
International Standard Book Number 9687854774
040 ## - FUENTE DE CATALOGACIÓN
Agencia que crea de manera original el registro BPMSU
Idioma de catalogación spa
Agencia que realiza la transcripción BPMSU
082 #4 - NÚMERO DE CLASIFICACIÓN DECIMAL DE DEWEY
Classification number xxxxxx
Item number xxxxxx
100 1# - ASIENTO PRINCIPAL -- NOMBRE PERSONAL
Nombre personal Lescano, Osvaldo Rubén
245 13 - MENCIÓN DE TITULO
Título La verguenza/
Mención de responsabilidad Osvaldo Rubén Lescano ; ilustraciones Maia Miller
260 ## - PUBLICACIÓN, DISTRIBUCIÓN, ETC. (PIE DE IMPRENTA)
Lugar de publicación, distribución, etc México :
Nombre del editor, distribuidor, etc. Euroméxico,
-- Lexus,
Fecha de publicación, distribución, etc 2005.
300 ## - DESCRIPCIÓN FÍSICA
Extensión 23 p. :
Otros detalles físicos il.,
Dimensiones 24 cm.
490 1# - MENCIÓN DE SERIES
Mención de serie Conociendo nuestras emociones
700 1# - ASIENTO SECUNDARIO -- NOMBRE PERSONAL
Nombre personal Miller, Maia,
Mención de responsabilidad il.
830 #0 - ASIENTO SECUNDARIO DE SERIE--TÍTULO UNIFORME
Título uniforme Conociendo nuestras emociones
942 ## - ADDED ENTRY ELEMENTS (KOHA)
Source of classification or shelving scheme Dewey Decimal Classification
Koha item type Libros
945 ## - INFORMACIÓN DE PROCESAMIENTO LOCAL
Información de procesamiento local Inventariado, 2018 / BT
956 ## - LOCAL ELECTRONIC LOCATION AND ACCESS (OCLC)
Nombre de host BTAVÁREZ
Número de acceso 10
Trayectoria 20160612
Nombre Electrónico BPMSU
Información de compresión 0038
Existencias
Withdrawn status Lost status Source of classification or shelving scheme Damaged status Not for loan Collection code Home library Current library Date acquired Source of acquisition Total Checkouts Full call number Barcode Date last seen Price effective from Koha item type
    Dewey Decimal Classification     Colección Infantil General Biblioteca Pública Metropolitana Salomé Ureña Biblioteca Pública Metropolitana Salomé Ureña 12/06/2016 COMPRA   xxxxxxxxxx xxxxxxxxxx BPMSU16120147 12/06/2016 12/06/2016 Libros